000 01576nam a2200361 a 4500
003 BLK
005 20230705120518.0
008 180412b bul|||||r ||||||| ||bul||
010 _aKNG00000759000
040 _aBLK
041 _aBUL
_cBUL
080 _aЛекарствени растения
_b633.88
_x:631.54(035)
_z633.88:631.54(035)
080 _aПриложна ботаника. Икономическа ботаника. Диворастящи лекарствени растения и др.
_b581.6
_z581.6
100 1 _aСтамболиев, Хр. Т.
_eпърви автор
_9242458
139 _aСтамболиев, Хр. Т.
_bС 65
245 1 0 _aПиретрум (Pyrethrum Cinerariaefolium)
_bСеидба, отглеждане, бране, сушене и съхранение
_cХр. Т. Стамболиев.
257 _aBGR
260 _bсп. Модерно земеделие
_c1942
_f(Русе : печ. Русенско ехо)
_aРусе
300 _a8 с.
_bс ил.
_c23 см
380 _a63
650 4 _aМедицински растения - агротехника - наръчници и ръководства
_9242459
653 _aпиретрум
653 _aмедицински растения
653 _aлекарствени растения
653 _aнаръчници
653 _aръководства
852 _aЦб 249957
_bЦб
852 _aК 63/С 65
_bК
942 _cKNG
_n0
_s1
944 _aCR
_c15.02.2011
_kЛюдмила_Стоянова
944 _aED
_c2022-12-20
999 _c470
_d470
999 _d470